Introduction to nearshore hydrodynamics

Saved in:
Bibliographic Details
Main Author: Svendsen, Ib A.
Format: Book
Language:English
Published: Singapore : World Scientific, 2006
Series:Advanced series on ocean engineering ; ; 24
Subjects:
Tags: Add Tag
No Tags, Be the first to tag this record!

MARC

LEADER 00000nam a2200000 i 4500
001 1/81681
008 080410s2006 eng d
020 |a 981-256-142-0 (hbk.) 
035 |l 10096509 
040 |a GR-MY-UA  |b gre  |e aacr 
041 0 |a eng 
082 0 |a 627.042  |2 (22) 
100 1 |a Svendsen, Ib A. 
245 1 0 |a Introduction to nearshore hydrodynamics /  |c Ib A. Svendsen 
260 |a Singapore :   |b World Scientific,   |c 2006 
300 |a xxi, 722 σ.;  |b εικ.;  |c 23 εκ. 
490 1 |a Advanced series on ocean engineering  |v ; 24 
504 |a Περιέχει βιβλιογραφικές παραπομπές και ευρετήριο 
650 0 0 |a Water waves. 
650 0 0 |a Coasts. 
650 0 0 |a Hydrodynamics. 
830 0 |a Advanced series on ocean engineering ;  |v ; 24 
852 |a INST  |b LESVOS  |e 20080410  |h 627.042 SVE  |p 005100039571  |q 005100039571  |t BK  |y 0 
901 |a BIBL1-2008-1 
909 |a Λ  |b 144339 
922 |a 1ΕΛΗ  |b 200801  |c ΕΠΕΑΕΚ2/ΤΕΘ  |d ΠΑΠΑΣΩΤΗΡΙΟΥ 
970 |a ΚΑΡΑ  |b ΓΙΑΣΕΜΗ  |z 2008/04/10